| 000 | 02968cam a2200661 i 4500 | ||
|---|---|---|---|
| 999 |
_c5740 _d5740 |
||
| 001 | 22847645 | ||
| 003 | OSt | ||
| 005 | 20251028100656.0 | ||
| 008 | 221031t20242024nyua j 6 000 0 eng d | ||
| 010 | _a 2022949224 | ||
| 020 | _a9781338890587 | ||
| 035 | _a22847645 | ||
| 035 | _a(OCoLC)1377257122 | ||
| 040 |
_aYDX _beng _erda _cYDX _dOCLCO _dOCO _dOCLCO _dGK7 _dJTH _dNYP _dOCLCO _dSDG _dJQW _dXY4 _dOCLCO _dVP@ _dJQF _dUAH _dDLC _dKH8 |
||
| 042 | _alccopycat | ||
| 043 | _an-us--- | ||
| 082 | _aFIC SCR | ||
| 100 | 1 |
_aScrivan, Maria, _eauthor, _eillustrator. |
|
| 245 |
_aAll is Nat Lost / _cMaria Scrivan. |
||
| 246 | 3 | _aAll is Nat lost | |
| 250 | _aFirst edition. | ||
| 264 | 1 |
_aNew York, NY : _bGraphix, an imprint of Scholastic, _c[2024] |
|
| 264 | 4 | _c©2024 | |
| 300 |
_a233 pages : _bcolor illustrations ; _c22 cm |
||
| 336 |
_atext _btxt _2rdacontent |
||
| 336 |
_astill image _bsti _2rdacontent |
||
| 337 |
_aunmediated _bn _2rdamedia |
||
| 338 |
_avolume _bnc _2rdacarrier |
||
| 380 | _aComic or graphic novel | ||
| 490 |
_aNat Enough _vbook 5 |
||
| 520 | _aNat's class trip is a bigger adventure than she imagined! Nat is on an overnight class trip to Philadelphia, which is her first time in a big city without her parents. And it's a big deal because Nat's mom and dad are finally giving her the independence she's been longing for. But the trip is off to a bad start--with one disaster after another--and if things keep up, Nat's on track to lose her newfound freedom for good! Can she turn things around in time, or will her first chance with liberty be her last? | ||
| 650 | 0 |
_aSchool field trips _vComic books, strips, etc. |
|
| 650 | 0 |
_aParent and child _vComic books, strips, etc. |
|
| 650 | 0 |
_aMiddle schools _vComic books, strips, etc. |
|
| 650 | 0 |
_aGraphic novels _zUnited States. |
|
| 650 | 0 |
_aSchool field trips _vJuvenile fiction. |
|
| 650 | 0 |
_aParent and child _vJuvenile fiction. |
|
| 650 | 0 |
_aMiddle schools _vJuvenile fiction. |
|
| 650 | 1 |
_aSchool field trips _vFiction. |
|
| 650 | 1 |
_aFriendship _vFiction. |
|
| 650 | 1 | _aCartoons and comics. | |
| 650 | 1 | _aGraphic novels. | |
| 650 | 6 |
_aSorties scolaires _vRomans, nouvelles, etc. pour la jeunesse. |
|
| 650 | 6 |
_aParents et enfants _vRomans, nouvelles, etc. pour la jeunesse. |
|
| 650 | 6 |
_aÉcoles moyennes _vRomans, nouvelles, etc. pour la jeunesse. |
|
| 650 | 6 |
_aSorties scolaires _vBandes dessinées. |
|
| 650 | 6 |
_aParents et enfants _vBandes dessinées. |
|
| 650 | 6 |
_aÉcoles moyennes _vBandes dessinées. |
|
| 651 | 0 |
_aPhiladelphia (Pa.) _vComic books, strips, etc. |
|
| 655 | 7 |
_aComics (Graphic works) _2lcgft |
|
| 655 | 7 |
_aSchool comics. _2lcgft |
|
| 655 | 7 |
_aGraphic novels. _2lcgft |
|
| 655 | 7 |
_aBandes dessinées sur l'école. _2rvmgf |
|
| 655 | 7 |
_aFiction. _2lcgft _0https://id.loc.gov/authorities/genreForms/gf2014026339 |
|
| 655 | 7 |
_aFiction. _2lcgft _0https://id.loc.gov/authorities/genreForms/gf2014026339 |
|
| 830 | _aNat Enough | ||
| 942 |
_2ddc _cGN |
||